Hindi pathrakaritha: (Record no. 17629)

000 -LEADER
fixed length control field 00361nam a22001331a 4500
082 ## - DEWEY DECIMAL CLASSIFICATION NUMBER
Classification number H 070.4
Item number JAY/H
245 ## - TITLE STATEMENT
Title Hindi pathrakaritha:
Sub Title dhasa our dhisa/
Statement of responsibility, etc by Bharathi Jayaprakash (ed.)
260 ## - PUBLICATION, DISTRIBUTION, ETC. (IMPRINT)
Place of publication New Delhi:
Name of publisher Praveen,
Year of publication 1994.
300 ## - PHYSICAL DESCRIPTION
Number of Pages 164p.
650 ## - SUBJECT ADDED ENTRY--TOPICAL TERM
Topical Term Journalism Hindi
650 ## - SUBJECT ADDED ENTRY--TOPICAL TERM
Topical Term Journalism
700 ## - ADDED ENTRY--PERSONAL NAME
Personal name Bharathi Jayaprakash (ed.)
942 ## - ADDED ENTRY ELEMENTS (KOHA)
Koha item type Book
Holdings
Withdrawn status Lost status Damaged status Not for loan Permanent Location Current Location Date acquired Cost, normal purchase price Full call number Accession Number Cost, replacement price Price effective from Koha item type
        Sree Sankaracharya University of Sanskrit Sree Sankaracharya University of Sanskrit 08.01.2015 80.00 H 070.4 JAY/H 017723 0.00 08.01.2015 Book